| 000 | 00935nam a22002897a 4500 | ||
|---|---|---|---|
| 001 | 3026 | ||
| 003 | FISKH | ||
| 005 | 20240131114731.0 | ||
| 008 | 240131b cb ||||| |||| 00| 0 eng d | ||
| 020 | _a9780545372411 | ||
| 040 |
_aFISKH _beng _cFISKH _dFISKH |
||
| 050 | _aQB501.3 | ||
| 082 | _a520 | ||
| 100 | _aDowswell, Paul | ||
| 245 |
_aUsborne first encyclopedia of space _cby Dowswell, Paul |
||
| 260 |
_aNew York : _bScholastic , _c2001 |
||
| 300 |
_a64 pages : _bcolor illustrations ; _c28 cm . |
||
| 490 | _aUsborne First Encyclopedias | ||
| 505 | _aT | ||
| 520 | _aSimple text, amazing photographs and detailed illustrations introduce young readers to the wonders of the Universe. | ||
| 521 | 8 |
_a810
_bLexile |
|
| 521 | 8 |
_aT
_bRaz-Plus |
|
| 600 |
_2astronomy _vnon-fiction |
||
| 610 |
_2solar system _vnon-fiction |
||
| 700 |
_aBines Gary , & Hancock, David _eillustrators |
||
| 942 |
_2ddc _cBK _n0 |
||
| 999 |
_c3026 _d3026 |
||